000 00541nam a22001817a 4500
005 20231107125540.0
008 231107b |||||||| |||| 00| 0 eng d
020 _a0409029432
041 _aAfrikaans
082 _a346.43 GIL
100 _aGildenhuys, A
_lAfrikaans
245 _aOnteieningsreg /
_cA Gildenhuys
250 _aTweede Uitgawe
260 _aDurban :
_bButterworth Uitgewers (Edms) Bpk,
_c2001
300 _bxvi, 515 pages ;
_c25 cm.
650 _aLegal practice
_bLaw
942 _cBK
_6ALISON_BN_VRIES
999 _c376
_d376